[Event "DVM U14 2016"]
[Site "Düsseldorf GER"]
[Date "2016.12.28"]
[Round "3"]
[White "Creß, Bastian"]
[Black "Geltz, Noah"]
[Result "1-0"]
[Termination "normal"]
[Board "9.2"]
[WhiteElo "1608"]
[BlackElo "1830"]
[WhiteTeam "SG Blau-Weiß Stadtilm"]
[BlackTeam "SF HN-Biberach"]
[PlyCount "145"]
[WhiteFideId "16208846"]
[BlackFideId "16224256"]
[EventCountry "GER"]
[EventRounds "7"]
[EventType "team-swiss"]
[EventDate "2016.12.26"]

1. e4 c6 2. d4 d5 3. Nd2 dxe4 4. Nxe4 Bf5 5. Ng3 Bg6 6. h4 h6 7. Nh3 e5 8. h5
Bh7 9. dxe5 Qa5+ 10. Bd2 Qxe5+ 11. Qe2 Qxe2+ 12. Bxe2 Bd6 13. O-O-O Nf6 14.
Bxh6 gxh6 15. Rxd6 Ke7 16. Rd2 Nbd7 17. Re1 Kd8 18. Bd3 Bxd3 19. Rxd3 Nd5 20.
Red1 Kc7 21. Nf4 N7b6 22. Nxd5+ Nxd5 23. Rf3 Raf8 24. Ne4 Rhg8 25. Nc5 Kc8 26.
g3 b6 27. Ne4 f5 28. Rxf5 Rxf5 29. Nd6+ Kc7 30. Nxf5 Rf8 31. g4 Rf6 32. Re1 b5
33. Re4 Kd7 34. a4 a6 35. axb5 axb5 36. f3 Kd8 37. Kd2 Nb6 38. Ke2 Na4 39. Rd4+
Kc7 40. b3 c5 41. Rd2 Re6+ 42. Kf2 Nc3 43. Ne3 Kc6 44. Nd1 Nd5 45. c4 bxc4 46.
bxc4 Nb6 47. Rc2 Kd6 48. Ne3 Ke5 49. Re2 Kd6 50. Nf5+ Kd7 51. Rxe6 Kxe6 52.
Nxh6 Nxc4 53. Nf5 Ne5 54. h6 Ng6 55. Ke3 Kf6 56. Ke4 Kg5 57. h7 Nh8 58. Nd6 Kh6
59. Nc4 Kxh7 60. Ne5 Kg7 61. Kd5 Kf6 62. f4 c4 63. Kxc4 Ke6 64. Kc5 Ke7 65. Kd5
Kf6 66. Kd6 Kg7 67. Ke7 Kg8 68. g5 Kg7 69. f5 Kh7 70. f6 Kg8 71. g6 Nf7 72.
gxf7+ Kh7 73. Ng6 1-0

[Event "DVM U14 2016"]
[Site "Düsseldorf GER"]
[Date "2016.12.28"]
[Round "3"]
[White "Späth, René"]
[Black "Rapp, Lukas"]
[Result "1-0"]
[Termination "normal"]
[Board "9.3"]
[WhiteElo "1384"]
[BlackElo "1630"]
[WhiteTeam "SF HN-Biberach"]
[BlackTeam "SG Blau-Weiß Stadtilm"]
[PlyCount "122"]
[WhiteFideId "16224272"]
[BlackFideId "12989320"]
[EventCountry "GER"]
[EventRounds "7"]
[EventType "team-swiss"]
[EventDate "2016.12.26"]

1. e4 c5 2. d4 cxd4 3. c3 d3 4. Bxd3 d6 5. Nf3 Nd7 6. O-O Ngf6 7. Re1 e5 8. Bg5
Be7 9. Nbd2 O-O 10. Nc4 b5 11. Na3 a6 12. b4 Re8 13. c4 Qb6 14. cxb5 axb5 15.
Nxb5 Ba6 16. Be3 Qb7 17. Nc3 Qxb4 18. Qd2 Bxd3 19. Qxd3 Ra3 20. Bd2 Rc8 21. Nd5
Nxd5 22. Qxd5 Qa4 23. Bg5 Rc5 24. Qd2 Bf8 25. Be3 Rc2 26. Qd5 Nf6 27. Qb7 Raxa2
28. Ng5 Qc4 29. h3 h6 30. Nf3 Rxa1 31. Rxa1 Nxe4 32. Ne1 Rc3 33. Ra8 Rb3 34.
Qe7 Rxe3 35. Rxf8+ Kh7 36. fxe3 Qe2 37. Qh4 Qxe3+ 38. Kh2 g5 39. Qg4 Kg7 40.
Rc8 Kg6 41. Nf3 Nf2 42. Nh4+ Kh7 43. Qf5+ Kg7 44. Rc7 Qf4+ 45. Qxf4 gxf4 46.
Nf5+ Kf6 47. Nxd6 Ke6 48. Nxf7 e4 49. Nxh6 e3 50. Rc2 Ne4 51. Kg1 Nd2 52. Ng4
Kf5 53. Nh2 Ke4 54. Ra2 Kd3 55. Nf3 Ne4 56. Kf1 Ng3+ 57. Ke1 Kc3 58. Ra4 Nh5
59. Ng1 Kb3 60. Re4 Kc3 61. Ne2+ Kd3 1-0

[Event "DVM U14 2016"]
[Site "Düsseldorf GER"]
[Date "2016.12.28"]
[Round "3"]
[White "Pflugradt, Natalie"]
[Black "Melzig, Antonio"]
[Result "0-1"]
[Termination "normal"]
[Board "9.4"]
[WhiteElo "1445"]
[BlackElo "1256"]
[WhiteTeam "SG Blau-Weiß Stadtilm"]
[BlackTeam "SF HN-Biberach"]
[PlyCount "98"]
[WhiteFideId "16212444"]
[BlackFideId "16235193"]
[EventCountry "GER"]
[EventRounds "7"]
[EventType "team-swiss"]
[EventDate "2016.12.26"]

1. e4 e5 2. Nf3 Nc6 3. Bc4 Bc5 4. c3 Qe7 5. O-O d6 6. d4 exd4 7. cxd4 Bb6 8. e5
Bg4 9. Bg5 Bxf3 10. Bxe7 Bxd1 11. Rxd1 Ngxe7 12. exd6 cxd6 13. Bb5 O-O 14. d5
Nd4 15. Nc3 Nxb5 16. Nxb5 Rac8 17. Nc3 Ng6 18. Kf1 Ne5 19. h3 Nc4 20. Rab1 Nxb2
21. Rxb2 Rxc3 22. Re2 Ra3 23. g3 Rc8 24. Rde1 g6 25. Re8+ Rxe8 26. Rxe8+ Kg7
27. Re2 Rd3 28. Kg2 Rxd5 29. f3 Ba5 30. Kf2 Rd2 31. Rxd2 Bxd2 32. Ke2 Bb4 33.
Kd3 h5 34. Ke4 Be1 35. g4 hxg4 36. hxg4 a5 37. Kd5 b5 38. Kxd6 a4 39. Kc5 b4
40. Kc4 a3 41. Kb3 Kf6 42. Kc2 Ke5 43. Kb3 Kf4 44. Kc4 Kxf3 45. Kb3 Kxg4 46.
Kc4 f5 47. Kb3 f4 48. Kc2 f3 49. Kb3 f2 0-1

[Event "DVM U14 2016"]
[Site "Düsseldorf GER"]
[Date "2016.12.28"]
[Round "3"]
[White "Kanzow, Alexander"]
[Black "Meier, Julian"]
[Result "1-0"]
[Termination "normal"]
[Board "10.1"]
[WhiteElo "1556"]
[BlackElo "1267"]
[WhiteTeam "KSV Rochade Göttingen"]
[BlackTeam "Gütersloher SV"]
[PlyCount "109"]
[WhiteFideId "16225414"]
[BlackFideId "16235207"]
[EventCountry "GER"]
[EventRounds "7"]
[EventType "team-swiss"]
[EventDate "2016.12.26"]

1. e4 e5 2. Nf3 Nc6 3. Bc4 Bc5 4. d3 Nf6 5. O-O O-O 6. Be3 Bxe3 7. fxe3 d5 8.
exd5 Nxd5 9. Bxd5 Qxd5 10. Nc3 Qc5 11. Qd2 Bf5 12. Nh4 Bg6 13. Nf5 Rad8 14.
Rae1 Rfe8 15. Kh1 e4 16. d4 Qb6 17. Nh4 Qxb2 18. Nxg6 hxg6 19. Rb1 Qa3 20. Rxb7
Qa6 21. Rfb1 Rb8 22. R7b3 f5 23. Qe2 Qxe2 24. Nxe2 Rb6 25. Nc3 Na5 26. Rb4 Rd8
27. Na4 Nc6 28. Nxb6 Nxb4 29. Rxb4 axb6 30. Kg1 c5 31. Rc4 cxd4 32. exd4 Rd5
33. Kf2 Kf7 34. Ke3 g5 35. g3 g4 36. a4 g5 37. Rb4 Ra5 38. c4 Ke7 39. d5 Kd7
40. Kd4 Kd6 41. Rxb6+ Kc7 42. Rb4 Kd6 43. c5+ Kd7 44. Rc4 Kc7 45. Rb4 e3 46.
Kxe3 Rxc5 47. Kd4 Rc2 48. Rc4+ Rxc4+ 49. Kxc4 f4 50. a5 f3 51. Kd3 Kb7 52. d6
Kc6 53. a6 f2 54. Ke2 Kxd6 55. a7 1-0

[Event "DVM U14 2016"]
[Site "Düsseldorf GER"]
[Date "2016.12.28"]
[Round "3"]
[White "Kühn von Burgsdorff, Johannes"]
[Black "Uhlendorff, Luca"]
[Result "0-1"]
[Termination "normal"]
[Board "10.2"]
[WhiteElo "1211"]
[BlackElo "1587"]
[WhiteTeam "Gütersloher SV"]
[BlackTeam "KSV Rochade Göttingen"]
[PlyCount "102"]
[WhiteFideId "16234960"]
[BlackFideId "16221923"]
[EventCountry "GER"]
[EventRounds "7"]
[EventType "team-swiss"]
[EventDate "2016.12.26"]

1. c4 e5 2. g3 Nc6 3. Bg2 f5 4. Nc3 Nf6 5. e3 g6 6. Nge2 Bg7 7. O-O O-O 8. b3
d6 9. Bb2 Bd7 10. d3 Rb8 11. Qd2 g5 12. Rad1 Nh5 13. Nd5 b6 14. a3 a5 15. f4
exf4 16. Bxg7 fxe3 17. Qb2 Nxg7 18. Qc1 Re8 19. Nxe3 Qe7 20. Nd5 Qxe2 21. Nf6+
Kh8 22. Nxd7 Rbd8 23. Nf6 Re6 24. Qxg5 Qe5 25. Rde1 Qxf6 26. Qxf6 Rxf6 27. Bxc6
Rdf8 28. Re7 R6f7 29. Rxf7 Rxf7 30. Re1 h6 31. Rf1 Re7 32. Kf2 Kh7 33. Re1 Rxe1
34. Kxe1 Kg6 35. Kf2 Ne6 36. Ke2 Nd4+ 37. Ke3 Nxc6 38. Kf4 Nd4 39. b4 a4 40.
Ke3 c5 41. bxc5 bxc5 42. h4 Kh5 43. Kf4 Kg6 44. g4 fxg4 45. Kxg4 Nc2 46. Kf3
Nxa3 47. Ke2 Nc2 48. Kd2 Nb4 49. Kc3 a3 50. Kb3 a2 51. Kb2 Kh5 0-1

[Event "DVM U14 2016"]
[Site "Düsseldorf GER"]
[Date "2016.12.28"]
[Round "3"]
[White "Jürging, Felix"]
[Black "Nizamova, Rita"]
[Result "0-1"]
[Termination "normal"]
[Board "10.4"]
[WhiteElo "1115"]
[BlackElo "1310"]
[WhiteTeam "Gütersloher SV"]
[BlackTeam "KSV Rochade Göttingen"]
[PlyCount "98"]
[WhiteFideId "16235134"]
[BlackFideId "16221940"]
[EventCountry "GER"]
[EventRounds "7"]
[EventType "team-swiss"]
[EventDate "2016.12.26"]

1. e4 e5 2. Nf3 Nc6 3. Bc4 Nf6 4. Nc3 Nxe4 5. Nxe4 d5 6. Bxd5 Qxd5 7. Nc3 Qd8
8. d3 Bg4 9. h3 Bh5 10. Be3 Bd6 11. Qe2 Qd7 12. a3 O-O-O 13. O-O-O f5 14. Rdg1
f4 15. Bd2 Nd4 16. Qd1 Qc6 17. Ne4 Bxf3 18. gxf3 g6 19. Nxd6+ Rxd6 20. Bc3 Nxf3
21. Rf1 Re8 22. Qe2 e4 23. dxe4 Rxe4 24. Qxf3 Re1+ 25. Rxe1 Qxf3 26. Ref1 Re6
27. Bd4 Qd5 28. Rd1 Qa2 29. Kd2 Qd5 30. Kc1 Qc4 31. b3 Qc6 32. Kb1 Re2 33. Rc1
Rxc2 34. Bxa7 Rxc1+ 35. Rxc1 Qe4+ 36. Ka2 Qe2+ 37. Kb1 Qd3+ 38. Kb2 Qxh3 39.
Bd4 Qd3 40. Bf6 h5 41. Bg5 Qf5 42. Rg1 Qe4 43. a4 Qe2+ 44. Ka3 Qxf2 45. Rd1
Qc5+ 46. b4 Qxg5 47. a5 Qg3+ 48. Ka4 Qg2 49. Rb1 Qa2+ 0-1